Cellular interactions in development: a practical approach
Uloženo v:
| Hlavní autor: | |
|---|---|
| Médium: | Kniha |
| Jazyk: | angličtina |
| Vydáno: |
Nueva York
Irl Press: Oxford University Press
1993
|
| Edice: | The Practical Approach Series
|
| Témata: | |
| Tagy: |
Přidat tag
Žádné tagy, Buďte první, kdo vytvoří štítek k tomuto záznamu!
|
MARC
| LEADER | 00000nam a2200000 a 4500 | ||
|---|---|---|---|
| 001 | UCY4875 | ||
| 003 | CL-VaPUC | ||
| 008 | 950404e19930000US |||||||||||||||||eng|d | ||
| 082 | 0 | 4 | |a 571.6 |b HAR |2 21 |
| 100 | 0 | |a Hartley, D. A |e author |9 333395 | |
| 245 | 1 | 0 | |a Cellular interactions in development: a practical approach |
| 300 | |a 213 p | ||
| 942 | |c BK | ||
| 945 | |d 19950404 00:00:00 |a oaravena | ||
| 260 | |a Nueva York |b Irl Press: Oxford University Press |c 1993 | ||
| 650 | 0 | |a Citología |9 261432 | |
| 650 | 0 | |a Células |9 269548 | |
| 583 | |a last modification |c 19950404 00:00:00 |k Rodrigo Vera | ||
| 490 | 0 | |a The Practical Approach Series | |
| 999 | |c 232628 |d 232626 | ||
| 952 | |0 0 |1 0 |4 0 |6 571_600000000000000_HAR_1993 |7 0 |8 A |9 237376 |a BIBCUR |b BIBCUR |d 2019-11-15 |i 307353K |o 571.6 HAR 1993 |p 307353K |r 2025-04-22 |w 2019-11-15 |y BK |k BCB | ||